000
00346 a2200157 4500
001
156955
020
_a
9788563066695
040
_c
Escola São Tomás de Aquino
100
_a
EVANS, Richard Paul
240
1
0
_a
A promessa
_l
por
245
1
0
_a
A promessa
300
_a
283 p.
362
0
_a
2011
697
_a
Literatura americana
942
_c
BK
999
_c
156955
_d
156955